Thế giới toàn cảnh Ramses

Enregistré dans:
Détails bibliographiques
Auteur principal: Montbrial, Thierry de
Autres auteurs: Nguyễn Phương Bình Phạm Thị Thanh Huyền, Nguyễn Văn Trung Đỗ Đức Thành, Nguyễn Quang Chiến, Dương Văn Quảng (Hiệu đính., Dịch)
Format: Livre
Langue:Vietnamese
Publié: Chính trị quốc gia 2001
Tags: Ajouter un tag
Pas de tags, Soyez le premier à ajouter un tag!
Thư viện lưu trữ: Mạng thư viện Đại học Đà Nẵng
LEADER 01013nam a2200265 4500
001 000021033
003 17480
005 20150402100427.0
008 150402s2001 viesd
020 |c 70000 
041 0 |a vie 
082 1 4 |a 300  |b MO-T 
100 1 |a Montbrial, Thierry de 
245 1 0 |a Thế giới toàn cảnh Ramses  |c Chủ biên: Thierry de Montbrial, Pierre Jacquet ; Đỗ Đức Thành, Phạm Thị Thanh Huyền, Nguyễn Văn Trung dịch ; Nguyễn Quang Chiến, Dương Văn Quảng, Nguyễn Phương Bình hiệu đính 
260 |b Chính trị quốc gia  |c 2001 
300 |a tr.  |c cm. 
700 1 |a Nguyễn Phương Bình  |a Phạm Thị Thanh Huyền,  |a Nguyễn Văn Trung  |a Đỗ Đức Thành,  |a Nguyễn Quang Chiến,  |a Dương Văn Quảng,  |e Hiệu đính.  |e Dịch 
OWN |a LSP 
999 |a From the UDN01 
TYP |a Monograph 
TYP |a Printed language 
980 |a Mạng thư viện Đại học Đà Nẵng